|
|
|
|
| LEADER |
00808cam a2200241 7i4500 |
| 001 |
0000042986 |
| 005 |
20130415090000.0 |
| 020 |
|
|
|a 9780470655672 (pbk.)
|
| 020 |
|
|
|a 0470655674 (pbk.)
|
| 090 |
0 |
0 |
|a HM435
|b .C53 2012
|
| 245 |
0 |
0 |
|a Classical sociological theory
|c edited by Craig Calhoun, Joseph Gertesi, James Moody, Steven Pfaff, and Indermohan Virk.
|
| 250 |
|
|
|a 3rd ed.
|
| 260 |
|
|
|a Chichester, West Sussex:
|b John Wiley & Sons,
|c 2012.
|
| 300 |
|
|
|a xvi, 557 p.;
|c 25 cm.
|
| 650 |
0 |
0 |
|a Sociology --
|x Philosophy
|
| 650 |
0 |
0 |
|a Sociology --
|x History
|
| 700 |
1 |
|
|a Virk, Indermohan
|
| 700 |
1 |
|
|a Pfaff, Steven
|
| 700 |
1 |
|
|a Moody, James
|
| 700 |
1 |
|
|a Calhoun, Craig
|
| 700 |
1 |
|
|a Gertesi, Joseph
|
| 997 |
|
|
|a Centre for Graduate Studies
|
| 999 |
|
|
|a 0000052445
|b BOK
|c OPEN SHELF
|e 1st Floor, Shah Alam
|